000 00616nam a2200241Ia 4500
003 OSt
005 20220912151610.0
006 a|||||r|||| 00| 0
007 ta
008 220909b |||||||| |||| 00| 0 eng d
024 _a50000
037 _cTextual
040 _aCSL
_beng
_cCSL
041 _aeng
082 _aE9G:f3, L0
100 _aBruening G
245 0 _aBiochemical Experiments
260 _aNew York
_b Wiley-Interscience
_c1970
300 _a314p.
_ccm.
650 _aExperimental Biochemistry
942 _hE9G:f3, L0
_cTEXL
_2CC
999 _c72227
_d72227